| 000 | 00481nam a2200181Ia 4500 | ||
|---|---|---|---|
| 003 | PILC | ||
| 005 | 20160318090932.0 | ||
| 008 | 140527s9999 xx 000 0 und d | ||
| 020 | _a9788183762434 | ||
| 050 |
_aG 155.A1 _b.G298 2010 |
||
| 100 | _aGeetanjali. | ||
| 245 |
_aTourism management / _cGeetanjali. |
||
| 260 |
_aNew Delhi, India : _bABD Publishers ; _c2010. |
||
| 300 |
_a287 pages ; _c25 cm. |
||
| 500 | _aIncludes index. | ||
| 942 |
_kFOR _cBK _2lcc |
||
| 999 |
_c117401 _d117401 |
||